000 00279nam a2200109Ia 4500
008 190911s9999||||xx |||||||||||||| ||und||
100 _aWe-Min Chow
245 0 _aAssembly Line Design Methodology And Applications
260 _aUSA
_bMc Graw Hill
_c1990
300 _a430
942 _cBK
999 _c6874
_d6874